Política económica y las reformas estructurales de la economía española / (Record no. 13771)
[ view plain ]
| 000 -LEADER | |
|---|---|
| campo de control de longitud fija | 00830nam a22002415i 4500 |
| 001 - NÚMERO DE CONTROL | |
| campo de control | 13771 |
| 003 - IDENTIFICADOR DE NÚMERO DE CONTROL | |
| campo de control | ES-MaACL |
| 005 - FECHA Y HORA DE LA ÚLTIMA TRANSACCIÓN | |
| campo de control | 20230906150647.0 |
| 007 - CAMPO FIJO DE DESCRIPCIÓN FÍSICA--INFORMACIÓN GENERAL | |
| campo de control de longitud fija | t| |
| 008 - DATOS DE LONGITUD FIJA--INFORMACIÓN GENERAL | |
| campo de control de longitud fija | 940527s1994 sp ||||0| spa j |
| 040 ## - FUENTE DE CATALOGACIÓN | |
| Centro catalogador/agencia de origen | M-BN |
| Lengua de catalogación | spa |
| Centro/agencia transcriptor | M-BN |
| 080 ## - NÚMERO DE LA CLASIFICACIÓN DECIMAL UNIVERSAL | |
| Número de la Clasificación Decimal Universal | 338.2(460)"1982/..." |
| 245 00 - MENCIÓN DEL TÍTULO | |
| Título | Política económica y las reformas estructurales de la economía española / |
| Mención de responsabilidad, etc. | [Argandoña ... et al.]. |
| 260 ## - PUBLICACIÓN, DISTRIBUCIÓN, ETC. | |
| Lugar de publicación, distribución, etc. | Madrid : |
| Nombre del editor, distribuidor, etc. | Círculo de Empresarios, |
| Fecha de publicación, distribución, etc. | D.L. 1994. |
| 300 ## - DESCRIPCIÓN FÍSICA | |
| Extensión | 514 p ; |
| Dimensiones | 22 cm. |
| 490 1# - MENCIÓN DE SERIE | |
| Mención de serie | Publicaciones monográficas, |
| Número Internacional Normalizado para Publicaciones Seriadas | ISSN 1133-1771 |
| 651 #4 - PUNTO DE ACCESO ADICIONAL DE MATERIA--NOMBRE GEOGRÁFICO | |
| Nombre geográfico | España- |
| Subdivisión general | Política económica- |
| Subdivisión cronológica | 1982-1996. |
| 9 (RLIN) | 8410 |
| 700 1# - ENTRADA AGREGADA--NOMBRE PERSONAL | |
| Nombre de persona | Argandoña, Antonio. |
| 9 (RLIN) | 22680 |
| 710 2# - ENTRADA AGREGADA--NOMBRE DE ENTIDAD CORPORATIVA | |
| Nombre de entidad corporativa o nombre de jurisdicción como elemento de entrada | Círculo de Empresarios. |
| 9 (RLIN) | 2821 |
| 830 0# - PUNTO DE ACCESO ADICIONAL DE SERIE-TÍTULO UNIFORME | |
| Título uniforme | Publicaciones monográficas, |
| Número Internacional Normalizado para Publicaciones Seriadas | ISSN 1133-1771 |
| 9 (RLIN) | 179530 |
| 852 ## - LOCALIZACIÓN | |
| Ubicación | ES-MaACL |
| Número de control de estantería | L-21100 |
| Estatus retirado | Estado de pérdida | Estado de daño | No para préstamo | Biblioteca de origen | Biblioteca actual | Ubicación en estantería | Fecha de adquisición | Fuente de adquisición | Total de préstamos | Signatura topográfica completa | Código de barras | Visto por última vez | Precio de reemplazo | Tipo de ítem Koha |
|---|---|---|---|---|---|---|---|---|---|---|---|---|---|---|
| Biblioteca del Ateneo de Madrid | Biblioteca del Ateneo de Madrid | Depósito 2 | 17/01/2008 | L-21100 | 1014015 | 23/02/2023 | 23/02/2023 | Libro impreso |
